UFC Lightweight Champions - Statistics

General Stats
  • This quiz has been taken 220 times
    209 since last reset
  • The average score is 8 of 12
Answer Stats
Year Lightweight % Correct
2020-2018 Khabib Nurmagomedov
98%
2018-2016 Conor McGregor
96%
2022 (Incumbent) Islam Makhachev
96%
2022-2021 Charles Oliveira
90%
2016 Eddie Alvarez
75%
2010-2008 BJ Penn
60%
2016-2015 Rafael dos Anjos
54%
2015-2013 Anthony Pettis
52%
2013-2012 Benson Henderson
44%
2012-2010 Frankie Edgar
41%
2002-2001 Jens Pulver
34%
2007-2006 Sean Sherk
25%
No matching quizzes found
Score Distribution
Percent of People with Each Score
Percentile by Number Answered
Your Score History
You have not taken this quiz since the last reset